Трудный канун: роман

Podrobná bibliografie
Hlavní autor: Сташук Л. Д. Леонид Данилович
Shrnutí:Исключено из фонда НТБ ТПУ
Jazyk:ruština
Vydáno: Киев, Радянськый пысьмэннык, 1981
Edice:Первая книга прозаика
Médium: MixedMaterials Kniha
KOHA link:https://koha.lib.tpu.ru/cgi-bin/koha/opac-detail.pl?biblionumber=150118

MARC

LEADER 00000nam0a2200000 4500
001 150118
005 20231031150114.0
020 |a RU  |b 81-92009 
035 |a (RuTPU)RU\TPU\book\162731 
090 |a 150118 
100 |a 20081225d1981 m y0rusy5003 ca 
101 0 |a rus 
102 |a UA 
105 |a a z 000ay 
200 1 |a Трудный канун  |e роман  |f Л. Д. Сташук 
210 |a Киев  |c Радянськый пысьмэннык  |d 1981 
215 |a 232 с.  |c портр., ил. 
225 1 |a Первая книга прозаика 
333 |a Исключено из фонда НТБ ТПУ 
700 1 |a Сташук  |b Л. Д.  |g Леонид Данилович 
801 0 |a RU  |b RuMRKP  |c 19950704  |g psbo 
801 1 |a RU  |b 63413507  |c 20081225  |g PSBO 
801 2 |a RU  |b 63413507  |c 20220517  |g PSBO 
942 |c BK